000 00326nam a2200133Ia 4500
008 190723s9999 xx 000 0 und d
020 _a978-0-19-479880-8
100 _aA.S Hornby
245 0 _aOxford Advanced Learner's Dictionary
250 _a9th
260 _aUK
_bOxford Uni Press
_c2015
300 _a1852.:p
942 _cBK
999 _c1718
_d1718